000 00304nam a22001337a 4500
008 170131b xxu||||| |||| 00| 0 eng d
020 _a9780721686776
041 _aeng
080 _210TH
_a61
100 _a3
101 _aSHMI
245 _aTEXTBOOK OF MEDICAL PHYSIOLOGY
_cGUYTON, A.C
942 _2udc
_cBK
999 _c4059
_d4059